Ekonomická univerzita v Bratislave jubiluje skoro historické reflexie

Rektor Ekonomickej univerzity prof.Ing. Juraj Stern, PhD. hodnotí činnosť vysokej školy za uplynulých 60 rokov. Jubileum Ekonomickej univerzity a jej ambície v domácom a zahraničnom rámci.

Gespeichert in:
Bibliographische Detailangaben
1. Verfasser: Stern, Juraj
Format: Buchkapitel
Sprache:Slowakisch
Schlagworte:
Tags: Tag hinzufügen
Keine Tags, Fügen Sie das erste Tag hinzu!

MARC

LEADER 00000naa a2200000 4500
001 r036945
005 20230825101749.4
041 0 |a slo 
044 |a SK 
245 1 0 |a Ekonomická univerzita v Bratislave jubiluje  |b skoro historické reflexie  |c Juraj Stern 
520 |a Rektor Ekonomickej univerzity prof.Ing. Juraj Stern, PhD. hodnotí činnosť vysokej školy za uplynulých 60 rokov. Jubileum Ekonomickej univerzity a jej ambície v domácom a zahraničnom rámci. 
610 2 0 |a univerzity 
610 2 0 |a Ekonomická univerzita v Bratislave 
610 2 0 |a 1940-2000 
610 2 0 |a pedagogika 
610 2 0 |a výučba vedecká 
100 1 |a Stern, Juraj